[Event "2. Activity-Kombi: Kings & Queens (Turni"]
[Site "Haus des Schachsports"]
[Date "2025.01.05"]
[Round "3.7"]
[White "Marakhovskii, Denis"]
[Black "Salamon, Andras"]
[Result "1-0"]
[WhiteElo "1260"]
[BlackElo "1205"]
[PlyCount "87"]
[EventDate "2025.01.05"]

1. e4 c6 2. Nf3 d5 3. Bd3 Bg4 4. h3 Bxf3 5. Qxf3 Nh6 6. O-O e6 7. Nc3 Be7 8.
Re1 O-O 9. e5 Nf5 10. Bxf5 exf5 11. Qxf5 Qd7 12. Qxd7 Nxd7 13. d4 c5 14. Nxd5
Rfe8 15. Nc7 Rec8 16. Nxa8 Rxa8 17. Be3 cxd4 18. Bxd4 b6 19. Re2 Bc5 20. Bxc5
bxc5 21. Rd1 Nb6 22. Red2 h6 23. Rd8+ Rxd8 24. Rxd8+ Kh7 25. Rf8 Kg6 26. f4 Nd7
27. Ra8 Nb6 28. Rxa7 Nc8 29. Rc7 Nb6 30. Rc6+ f6 31. Rxb6 c4 32. exf6 gxf6 33.
a4 Kf5 34. Rd6 Kxf4 35. a5 Ke5 36. Rd1 f5 37. a6 Kf6 38. a7 Kg5 39. a8=Q Kf4
40. h4 Kg4 41. Rf1 Kxh4 42. Qg8 h5 43. Kf2 f4 44. Rh1# 1-0

[Event "2. Activity-Kombi: Kings & Queens (Turni"]
[Site "Haus des Schachsports"]
[Date "2025.01.05"]
[Round "3.8"]
[White "Cichon, Oskar"]
[Black "Geabou-Silveira, Erik-Raphael"]
[Result "0-1"]
[WhiteElo "1200"]
[BlackElo "1675"]
[PlyCount "54"]
[EventDate "2025.01.05"]

1. e4 c5 2. Nf3 e6 3. Nc3 d6 4. Bb5+ Bd7 5. Bxd7+ Nxd7 6. d4 g6 7. dxc5 Nxc5 8.
Be3 Bg7 9. Bxc5 dxc5 10. O-O Ne7 11. Qxd8+ Rxd8 12. Nb5 O-O 13. e5 a6 14. Nc7
Rd7 15. Rad1 Rxc7 16. Rd6 Nf5 17. Rd3 c4 18. Rc3 b5 19. Ra3 Rc6 20. Rd1 Ra8 21.
Nd4 Nxd4 22. Rxd4 Bxe5 23. Re3 Bxd4 24. Re4 Rd6 25. c3 Bxc3 26. bxc3 Rd1+ 27.
Re1 Rxe1# 0-1

[Event "2. Activity-Kombi: Kings & Queens (Turni"]
[Site "Haus des Schachsports"]
[Date "2025.01.05"]
[Round "3.9"]
[White "Blieberger, Marissa"]
[Black "Yanchev, Alexander"]
[Result "1-0"]
[WhiteElo "1550"]
[BlackElo "1210"]
[PlyCount "69"]
[EventDate "2025.01.05"]

1. e4 e5 2. Nf3 Nc6 3. Bb5 Bb4 4. a3 Be7 5. Bxc6 dxc6 6. Nxe5 Nf6 7. d3 Bc5 8.
h3 Bd6 9. Nf3 O-O 10. O-O Qe8 11. Re1 Be6 12. e5 Be7 13. exf6 Bxf6 14. Nc3 b5
15. a4 b4 16. Ne4 Bd8 17. Nfg5 Bxg5 18. Bxg5 h6 19. Bxh6 gxh6 20. Nf6+ Kg7 21.
Nxe8+ Rfxe8 22. f4 Red8 23. Rf1 Bd5 24. c4 Be6 25. f5 Bc8 26. Qg4+ Kf6 27. Qh4+
Kg7 28. Qxd8 f6 29. Qxc7+ Kf8 30. Qd6+ Kf7 31. Rae1 h5 32. Qe7+ Kg8 33. Qe8+
Kh7 34. Qg6+ Kh8 35. Re8# 1-0

[Event "2. Activity-Kombi: Kings & Queens (Turni"]
[Site "Haus des Schachsports"]
[Date "2025.01.05"]
[Round "4.1"]
[White "Scheiber, Daniel Berndt"]
[Black "Blieberger, Tobias"]
[Result "1-0"]
[WhiteElo "1690"]
[BlackElo "1680"]
[PlyCount "87"]
[EventDate "2025.01.05"]

1. e4 e5 2. Nf3 Nc6 3. Bc4 Nf6 4. d3 h6 5. Be3 d6 6. h3 Be7 7. c3 a6 8. Nbd2
Be6 9. Bxe6 fxe6 10. O-O O-O 11. b4 b5 12. a4 Qd7 13. axb5 axb5 14. Qb3 Kh8 15.
Kh2 d5 16. exd5 exd5 17. d4 e4 18. Ng1 Bd6+ 19. Kh1 Nh5 20. Qxd5 Nf6 21. Qxb5
Rab8 22. Qe2 Qe7 23. Rfc1 Nd5 24. Nc4 Nf4 25. Bxf4 Bxf4 26. Re1 Qg5 27. Qxe4
Nd8 28. Nf3 Qf6 29. Nce5 Bxe5 30. Qxe5 Qf7 31. Ra6 Nb7 32. Rxh6+ Kg8 33. Re6
Nd6 34. Re7 Qg6 35. Qe6+ Qxe6 36. R1xe6 Nf5 37. Rxc7 Ra8 38. b5 Ra1+ 39. Kh2
Rf1 40. b6 Ra8 41. b7 Raa1 42. Re1 Rfxe1 43. Nxe1 Rxe1 44. b8=Q+ 1-0

[Event "2. Activity-Kombi: Kings & Queens (Turni"]
[Site "Haus des Schachsports"]
[Date "2025.01.05"]
[Round "4.2"]
[White "Leitgeb, Paul"]
[Black "Penker, Dominic"]
[Result "0-1"]
[WhiteElo "1250"]
[BlackElo "1673"]
[PlyCount "102"]
[EventDate "2025.01.05"]

1. e4 e6 2. d4 b6 3. Nf3 Bb7 4. Bd3 d5 5. Nc3 Bb4 6. Bd2 Bxc3 7. Bxc3 dxe4 8.
Bb5+ c6 9. Bxc6+ Nxc6 10. Ne5 Nxe5 11. dxe5 Qxd1+ 12. Rxd1 Ne7 13. Bb4 Nd5 14.
Bd2 O-O 15. O-O Rac8 16. Rc1 Rfd8 17. h3 h6 18. Rcd1 Rxc2 19. Be3 Rcc8 20. Rd2
Nxe3 21. Rxd8+ Rxd8 22. fxe3 Rd5 23. Rc1 Rc5 24. Rd1 Bd5 25. b4 Rc4 26. b5 Rb4
27. Rc1 Rxb5 28. Rc8+ Kh7 29. Rc7 Kg6 30. Rxa7 Ra5 31. Rxa5 bxa5 32. a3 Kf5 33.
g4+ Kxe5 34. h4 g5 35. hxg5 hxg5 36. Kh2 f5 37. Kg3 Kd6 38. a4 Bb3 39. Kh3 Bxa4
40. Kg3 Bd1 41. gxf5 exf5 42. Kf2 a4 43. Ke1 a3 44. Kxd1 a2 45. Ke2 a1=Q 46.
Kf2 Qe5 47. Ke2 Qh2+ 48. Kf1 Kc5 49. Ke1 Qg2 50. Kd1 Kc4 51. Ke1 Kd3 0-1

[Event "2. Activity-Kombi: Kings & Queens (Turni"]
[Site "Haus des Schachsports"]
[Date "2025.01.05"]
[Round "4.3"]
[White "Fischer, Niko Benedikt"]
[Black "Monovic, Luka"]
[Result "1-0"]
[WhiteElo "1500"]
[BlackElo "1450"]
[PlyCount "120"]
[EventDate "2025.01.05"]

1. e4 c5 2. Bc4 d6 3. Bb5+ Bd7 4. Bxd7+ Nxd7 5. Nf3 e6 6. Nc3 Be7 7. d4 cxd4 8.
Qxd4 e5 9. Qc4 Ngf6 10. Ng5 O-O 11. O-O Ng4 12. Nf3 Bh4 13. Nxh4 Qxh4 14. h3
Ngf6 15. Be3 d5 16. Nxd5 Rac8 17. Ne7+ Kh8 18. Nxc8 Nxe4 19. Qb5 Ndf6 20. Ne7
Nh5 21. Nf5 Qf6 22. Bc5 Rd8 23. Be7 Qxf5 24. Bxd8 h6 25. Qe8+ Kh7 26. f3 Neg3
27. Rfe1 Qg6 28. Qxe5 Qxc2 29. Rac1 Qd2 30. Ba5 Qd7 31. Qe7 Qd4+ 32. Qe3 Qd5
33. Qc5 Qd3 34. Qc2 Nf4 35. Bc7 Nge2+ 36. Kh2 Nxc1 37. Rxc1 g6 38. Qxd3 Nxd3
39. Rc3 Nf4 40. Bxf4 g5 41. Bb8 a6 42. Rc7 b5 43. Rxf7+ Kg6 44. Ra7 Kf5 45. g4+
Ke6 46. Rxa6+ Kd5 47. Rxh6 Kc4 48. Rh5 Kd3 49. Rxg5 b4 50. Bd6 Kc4 51. Bxb4
Kxb4 52. Re5 Kc4 53. f4 Kd4 54. h4 Kc4 55. g5 Kd4 56. h5 Kc4 57. g6 Kd4 58. h6
Kc4 59. h7 Kd4 60. h8=Q Kc4 1-0

[Event "2. Activity-Kombi: Kings & Queens (Turni"]
[Site "Haus des Schachsports"]
[Date "2025.01.05"]
[Round "4.4"]
[White "Gottfried, Maximilian"]
[Black "Marakhovskii, Andrei"]
[Result "0-1"]
[WhiteElo "1600"]
[BlackElo "1230"]
[PlyCount "66"]
[EventDate "2025.01.05"]

1. e4 e6 2. d4 d5 3. e5 c5 4. c3 Nc6 5. Nf3 Nge7 6. Bg5 h6 7. Bh4 g5 8. Bg3 Nf5
9. Bb5 Qb6 10. Bxc6+ Qxc6 11. O-O Nxg3 12. fxg3 cxd4 13. cxd4 Bd7 14. Nc3 O-O-O
15. Rc1 Kb8 16. Qd2 g4 17. Ne1 h5 18. Rxf7 Bh6 19. Rf4 Bxf4 20. gxf4 h4 21. Nd3
Qb6 22. Nc5 Be8 23. Qd1 Rf8 24. Qxg4 Qxb2 25. Nd3 Qb6 26. Nc5 Rh8 27. Nxe6 Bd7
28. f5 Bxe6 29. fxe6 Qb2 30. Qf4 Rdf8 31. Qe3 Rhg8 32. Ne2 h3 33. Ng3 Qxg2# 0-1

[Event "2. Activity-Kombi: Kings & Queens (Turni"]
[Site "Haus des Schachsports"]
[Date "2025.01.05"]
[Round "4.5"]
[White "Driza, Alexander"]
[Black "Brenner, Richard"]
[Result "1-0"]
[WhiteElo "1220"]
[BlackElo "1389"]
[PlyCount "71"]
[EventDate "2025.01.05"]

1. Nf3 d5 2. d4 Nc6 3. g3 Bf5 4. a3 Nf6 5. Bg2 h6 6. O-O e6 7. Re1 Be7 8. Nc3
O-O 9. Nh4 Be4 10. Nxe4 Nxe4 11. Qd3 Bxh4 12. gxh4 Qxh4 13. Be3 Qe7 14. Bxe4
dxe4 15. Qxe4 f5 16. Qg2 Rf6 17. Kf1 Rg6 18. Qxg6 Qh4 19. Qxe6+ Kh8 20. Qg6
Qh3+ 21. Qg2 Qh4 22. Qg3 Qe4 23. Red1 Rf8 24. f4 Qxc2 25. d5 Ne7 26. Bd4 Rf7
27. Rac1 Qe4 28. Rxc7 Qh1+ 29. Qg1 Qe4 30. d6 Qxf4+ 31. Qf2 Qg5 32. dxe7 Rxe7
33. Rxe7 Qxe7 34. Qxf5 Qh4 35. Bf2 Qxh2 36. Rd8# 1-0

[Event "2. Activity-Kombi: Kings & Queens (Turni"]
[Site "Haus des Schachsports"]
[Date "2025.01.05"]
[Round "4.6"]
[White "Geabou-Silveira, Erik-Raphael"]
[Black "Marakhovskii, Denis"]
[Result "1-0"]
[WhiteElo "1675"]
[BlackElo "1260"]
[PlyCount "95"]
[EventDate "2025.01.05"]

1. d4 d5 2. c4 e6 3. Bf4 Nf6 4. Nc3 a6 5. e3 Bd6 6. Bg3 Nc6 7. c5 Bxg3 8. hxg3
e5 9. Be2 Bf5 10. g4 Be4 11. f3 Bg6 12. g5 Nh5 13. f4 Ng3 14. Rh3 Nxe2 15. Qxe2
Nb4 16. O-O-O Bf5 17. Rg3 h6 18. gxh6 gxh6 19. fxe5 Qh4 20. Qf2 Nd3+ 21. Rxd3
Bxd3 22. Rf3 Qxf2 23. Rxf2 Rg8 24. Nxd5 Rc8 25. Nf6+ Ke7 26. Nxg8+ Rxg8 27. Ne2
Be4 28. Nf4 Rh8 29. d5 c6 30. d6+ Kd7 31. Nh5 Ke6 32. Nf6 Bd5 33. b3 a5 34. e4
Bxb3 35. axb3 Rd8 36. Rf5 h5 37. Nxh5 Kd7 38. Rxf7+ Ke6 39. Rxb7 Kxe5 40. Re7+
Kd4 41. Nf6 Kc3 42. d7 Rh8 43. Kd1 Kd3 44. Ke1 Ke3 45. Rh7 Rb8 46. e5 Rxb3 47.
Rh3+ Kd4 48. Rxb3 1-0

[Event "2. Activity-Kombi: Kings & Queens (Turni"]
[Site "Haus des Schachsports"]
[Date "2025.01.05"]
[Round "4.7"]
[White "Salamon, Andras"]
[Black "Burstein, Viktoria"]
[Result "0-1"]
[WhiteElo "1205"]
[BlackElo "1300"]
[PlyCount "102"]
[EventDate "2025.01.05"]

1. e4 e5 2. Nf3 Nc6 3. Nc3 Nf6 4. d4 exd4 5. Nxd4 Bb4 6. Nxc6 bxc6 7. Bd2 O-O
8. Qe2 c5 9. e5 Ne8 10. O-O-O c6 11. Ne4 Bxd2+ 12. Rxd2 Nc7 13. Nxc5 Re8 14. f4
d6 15. Rxd6 Qh4 16. g3 Qe7 17. Rg1 Nb5 18. Qe4 Nxd6 19. exd6 Qxe4 20. Nxe4 Rxe4
21. Bd3 Rd4 22. Re1 Bg4 23. d7 Bxd7 24. f5 g6 25. g4 Rxg4 26. Be2 Rh4 27. Ba6
c5 28. Bb7 Rb8 29. Ba6 Bxf5 30. Bd3 Bxd3 31. cxd3 Rxh2 32. b3 f5 33. Rd1 Rf8
34. d4 cxd4 35. Rxd4 f4 36. Rd1 f3 37. Rf1 f2 38. a4 Re8 39. Kc2 Re1 40. Rxf2
Rxf2+ 41. Kd3 Ra1 42. Ke3 Rb2 43. Kd3 Rxb3+ 44. Kc4 Rg3 45. Kb4 Rb1+ 46. Ka5
Rg5+ 47. Ka6 Rf5 48. Kxa7 Re1 49. a5 Re6 50. a6 Rf7+ 51. Ka8 Re8# 0-1

[Event "2. Activity-Kombi: Kings & Queens (Turni"]
[Site "Haus des Schachsports"]
[Date "2025.01.05"]
[Round "4.8"]
[White "Kinattukara, Richard"]
[Black "Blieberger, Marissa"]
[Result "0-1"]
[WhiteElo "1240"]
[BlackElo "1550"]
[PlyCount "48"]
[EventDate "2025.01.05"]

1. e4 e5 2. Qh5 Nf6 3. Qxe5+ Be7 4. Nc3 d6 5. Qb5+ Nc6 6. Qb3 O-O 7. Be2 Nd4 8.
Qc4 Nxc2+ 9. Kf1 Nxa1 10. Bd3 Be6 11. Qb5 Rb8 12. Nf3 a6 13. Qg5 Nxe4 14. Qh5
Nf6 15. Qh4 c5 16. Ng5 h6 17. Nxe6 fxe6 18. Ne2 Re8 19. Ng3 Qb6 20. Bg6 Rf8 21.
Nh5 c4 22. Nf4 Ne4 23. Nxe6 Bxh4 24. g3 Qxf2# 0-1

[Event "2. Activity-Kombi: Kings & Queens (Turni"]
[Site "Haus des Schachsports"]
[Date "2025.01.05"]
[Round "4.9"]
[White "Yanchev, Alexander"]
[Black "Cichon, Oskar"]
[Result "0-1"]
[WhiteElo "1210"]
[BlackElo "1200"]
[PlyCount "50"]
[EventDate "2025.01.05"]

1. d4 d5 2. Nf3 Nc6 3. Nc3 Nf6 4. Bf4 Bg4 5. h3 Bxf3 6. gxf3 e6 7. e3 Bb4 8.
Qd2 O-O 9. O-O-O Na5 10. Qd3 Bxc3 11. Qxc3 Nc4 12. Bxc4 dxc4 13. Qxc4 Qd5 14.
Qxc7 Qxf3 15. Rhf1 Rac8 16. Qa5 Ne4 17. Qe1 Qh5 18. f3 Nf6 19. Bd6 Rfd8 20. Be7
Rd7 21. Bxf6 Qd5 22. Bh4 Rd6 23. Bg3 Rb6 24. e4 Qc6 25. d5 Qxc2# 0-1